01107nam a2200265 a 450000100060000000300080000600500170001400800410003103500190007204000270009104100110011808200270012911100920015624502600024826000390050830000250054750400410057250500220061365000220063565000210065771000120067871000390069071000560072974000560078510687BD-RjUL20211208235010.0740826s1973 sz a b i100 0 eng  a(BD-RjUL)10735 aDLCcDLCdBD-RjULbeng0 aengfre a551.5784bINR 19732232 aInternational Symposia on the Role of Snow and Ice in Hydrologyd(1972 :cBanff, Alta.)14aThe role of snow and ice in hydrology :bproceedings of the Banff Symposia, September 1972. Le rôle de la neige et de la glace en hydrologie; actes des colloques de Banff, Septembre 1972 /cInternational Symposia on the Role of Snow and Ice in Hydrology aGeneva :bUnesco-WMO-IAHS,cc1973. av. :bill. ;c25 cm. aIncludes bibliographical references. aVol. 1 -- v. 2 -- 0aSnowxCongresses. 0aIcexCongresses.2 aUnesco.2 aWorld Meteorological Organization.2 aInternational Association of Hydrological Sciences.31aLe rôle de la neige et de la glace en hydrologie.